| 000 | 00855nam a2200229 4500 | ||
|---|---|---|---|
| 001 | 131758 | ||
| 003 | ES-MaACL | ||
| 005 | 20260113130140.0 | ||
| 007 | t| | ||
| 008 | 070214s1914 sp r ||||1| spa d | ||
| 080 | _a821.134.2.09 | ||
| 100 | 1 |
_aRodríguez Marín, Francisco, _d1855-1943 _998634 |
|
| 245 | 1 | 0 |
_aBurla burlando _ : _bmenudencias de varia, leve y entretenida erudición / _cpor Francisco Rodríguez Marín (el Br. Francisco de Osuna). |
| 250 | _a2ª ed., aum. | ||
| 260 |
_aMadrid : _b[s.n.], _c1914 ( _fTip. de la "Revista de Archivos") |
||
| 300 |
_a440 p., 1 retr. autor ; _c20 cm. |
||
| 650 | 4 |
_aLiteratura española- _xHistoria y crítica _914560 |
|
| 852 |
_aES-MaACL _jB-10574 _cSPB |
||
| 856 | 4 |
_uhttps://archive.org/details/burlaburlandomen00rodr _y(Internet Archive) |
|
| 942 | _2udc | ||
| 999 |
_c131758 _d131758 |
||